000 00545nam a22001697a 4500
003 OSt
005 20260122102600.0
008 260122b |||||||| |||| 00| 0 eng d
040 _cMRSPTU
041 _aEnglish
100 _aAmandeep Kaur, Supervisor: Dr. Gurpreet Singh
245 _aComparing Enhanced Aomdy With Multipath and Traditional Manet Routing Protocols
260 _bDepartment of CSE, MRSPTU, Bathinda
_c2017
650 _aComputer Science
856 _uhttp://163.47.215.52:8080/jspui/handle/123456789/217
942 _2ddc
_cTH
_n0
999 _c10718
_d10718